| 000 | 00948nam a2200265 i 4500 | ||
|---|---|---|---|
| 003 | DO-SdBNP | ||
| 005 | 20260512100725.0 | ||
| 007 | ta | ||
| 008 | 260512b2025 dr c|||| |||| 00| 0 spa d | ||
| 020 | _a9789945517149 | ||
| 040 |
_aDO-SdBNP _bspa _cBNPHU _erda |
||
| 041 | _aspa | ||
| 082 | 4 |
_axxx _bM425c _222 |
|
| 100 |
_aMateo Villanueva, Clodoaldo, _eautor _4aut. _912224 |
||
| 245 | 1 | 4 |
_aLas ciencias políticas en la República Dominicana : _buna visión panorámica / _cClodoaldo Mateo Villanueva ; prólogo, José Rafael Almonte Perdomo |
| 264 | 4 |
_aSanto Domingo : _bEditora Universitaria-UASD, _c©2025. |
|
| 300 |
_a271 páginas : _bilustraciones, retratos ; _c21 cm. |
||
| 336 |
_atexto _btxt _2rdacontent |
||
| 337 |
_asin mediación _bn _2rdamedia |
||
| 338 |
_avolumen _bnc _2rdacarrier |
||
| 590 | _aInventariado, 2026/BT | ||
| 700 |
_aAlmonte Pedomo, José Rafael, _eprologuista _4pr. _989534 |
||
| 910 | _aBtavárez | ||
| 942 |
_2ddc _cLBS1 |
||
| 999 |
_c60716 _d60716 |
||